000 00827nam a2200181Ia 4500
008 100920s9999 xx 000 0 und d
082 _b98327
_a24 न 07
100 _aगोडबोले अरुण.
245 _aयुनरयटेड वेस्टर्न बॅॅँक उदय , उत्कर्ष आणि अस्त.
260 _bराजहंस प्रकाशन पुणे.
_c2007
300 _a229
_bसाधी
365 _b200
520 _aसायो.
630 _aयुनरयटेड वेस्टर्न बॅॅँक उदय , उत्कर्ष आणि अस्त.
650 _aसायो.
730 _aयुनरयटेड वेस्टर्न बॅॅँक उदय , उत्कर्ष आणि अस्त.
942 _cBOOK
999 _c738765
_d738762